000 00862nam a22002297a 4500
003 OSt
005 20260421030533.0
008 260421b |||||||| |||| 00| 0 eng d
020 _a978-621-427-128-3
040 _aOC
_cDWC-Main Lib
082 _22nd ed
_aFil. 004 B554i 2023
100 _aBesueña, J.
245 _aIntroduction to Information Technology and Computer Fundamentals
_cBesueña, Jerelyn S.
250 _a2nd editon
260 _aIntramuros, Manila, Philippines :
_b Unlimited Books Library Services and Publishing inc.,
_cc2023.
300 _ax, 204 pages :
_b illustrations ;
_c 26cm.
504 _aIncludes bibliographical references
650 _a1. Computer
650 _a2. Information technology
700 _aPomperada, Jake R.
942 _2ddc
_cBK - FIL
_e2nd edition
_hFil. 004 B554i 2023
_kFil.
_n0
999 _c9532
_d9532